| 000 | 00465nam a2200157 a 4500 | ||
|---|---|---|---|
| 001 | 000032905 | ||
| 005 | 20200930065914.0 | ||
| 008 | 110801s1957 cu 000 0 spa d | ||
| 040 |
_aDO-SdBNP _bspa _cBNPHU |
||
| 082 |
_axxx _bH519f |
||
| 100 | 1 |
_aHenríquez García, E. _958669 |
|
| 245 | 1 | 0 |
_aFederico Henríquez i Carvajal y sus amigos cubanos / _cE. Henríquez García. |
| 260 |
_aLa Habana, Cuba : _b[s.n.], _c1957. |
||
| 300 |
_a8 p. ; _c23 cm. |
||
| 049 | _aBNPD | ||
| 999 |
_c32396 _d32396 |
||